000
00341nam a2200145Ia 4500
008
191201s1997 xx 000 0 und d
082
_a
677.028242
_b
ASP
100
_a
ASWANI, K T
245
0
_a
Plain Weaving Motions
250
_a
Rep
260
_a
N.Delhi
_b
Mahajan Brother
_c
1997
300
_a
93
650
_a
B.Tech(TE)
942
_2
ddc
_c
BK
999
_c
2243
_d
2243